书目信息 |
| 题名: |
中国农村治理的历史与现状
|
|
| 作者: | 徐秀丽 | |
| 分册: | ||
| 出版信息: | 北京 社会科学文献出版社 2004 |
|
| 页数: | 430 | |
| 开本: | 20cm | |
| 丛书名: | ||
| 单 册: | ||
| 中图分类: | D4 | |
| 科图分类: | ||
| 主题词: | 青年组织 , 妇女组织 , 农民运动 , 妇女运动 , 青年运动 , 工人运动 , 工人群众组织 , 农艺组织 | |
| 电子资源: | ||
| ISBN: | 7-80190-231-9 | |
| 000 | 00807nam0 2200277 450 | |
| 001 | 0735257515 | |
| 005 | 20070904094737.51 | |
| 010 | @a7-80190-231-9@d28 | |
| 100 | @a20070904d km y0chiy0120 ea | |
| 101 | 0 | @achi |
| 200 | 1 | @a中国农村治理的历史与现状@Azhong guo nong cun zhi li de li shi yu xian zhuang@e以定县、邹平和江宁为例@f徐秀丽@Fxu xiu li |
| 210 | @a北京@c社会科学文献出版社@d2004 | |
| 215 | @a430@d20cm | |
| 517 | 1 | @a以定县、邹平和江宁为例@Ayi ding xian、zou ping he jiang ning wei li |
| 606 | 0 | @a青年组织 |
| 606 | 0 | @a妇女组织 |
| 606 | 0 | @a农民运动 |
| 606 | 0 | @a妇女运动 |
| 606 | 0 | @a青年运动 |
| 606 | 0 | @a工人运动 |
| 606 | 0 | @a工人群众组织 |
| 606 | 0 | @a农艺组织 |
| 690 | @aD4@v3 | |
| 701 | 0 | @a徐秀丽@Axu xiu li |
| 801 | 0 | @aCN@bPFT@c20070904 |
| 905 | @a213230@dD4@ea1@f1 | |
| 中国农村治理的历史与现状:以定县、邹平和江宁为例/徐秀丽.-北京:社会科学文献出版社,2004 |
| 430;20cm |
| ISBN 7-80190-231-9:28 |
| ● |
| 相关链接 |
|
|
|
|
正题名:中国农村治理的历史与现状
索取号:D4/a1
 
预约/预借
| 序号 | 登录号 | 条形码 | 馆藏地/架位号 | 状态 | 备注 |
| 1 | 7501314 | 275013147 | 史法系资料室/ [索取号:D4/a1] | 在馆 |